000 00622nam a2200181Ia 4500
008 151018s9999 xx 000 0 und d
082 _bRBASDV11439
_a891.462
100 _aग रा अनंतवार
245 _aदेवता व जुगारी दैनिक
250 _b1
260 _bहि.गु.व्होरा
_c1937
300 _a85
600 _aग रा अनंतवार
630 _aदेवता व जुगारी दैनिक
700 _aग रा अनंतवार
730 _aदेवता व जुगारी दैनिक
942 _cBOOK
999 _c1013782
_d1013779